000 00550nam a2200181Ia 4500
003 GCL
008 140319s9999 xx 000 0 ara d
040 _aGCL /
_cGCL
082 0 4 _aط
_b813
_bوب
100 1 _aوكالة المطبوعات
245 1 0 _aبينوكيو /
_cوكالة المطبوعات
260 _aالكويت :
_bوكالة المطبوعات ،
_c1995
300 _a:
_bايض ؛
_c25 سم
490 _aقصص عالمية للاطفال
_v0
650 0 4 _aالاطفال
650 0 4 _aقصص الاطفال
942 _2ddc
_cBK
999 _c8306
_d8306